| 000 | 00849nac a22002171u 4500 | ||
|---|---|---|---|
| 010 | _a2004268305 | ||
| 020 | _a007053280X | ||
| 035 | _a(OCoLC)ocm51913091 | ||
| 082 | 0 | 4 |
_a005.8 _bH8231 |
| 090 |
_c1577 _d1577 |
||
| 100 | _aHorton, Mike. | ||
| 245 | 1 | 0 |
_aNetwork security portable reference / _cMike Horton, Clinton Mugge. |
| 260 |
_aNew York : _bMcGraw-Hill, _cc2003. |
||
| 300 |
_axxv, 228 p. ; _c23 cm. |
||
| 440 | 0 | _aHackNotes | |
| 650 | 0 |
_aComputer networks _xSecurity measures. |
|
| 856 | 4 | 2 |
_3Publisher description _uhttp://www.loc.gov/catdir/description/mh051/2004268305.html |
| 856 | 4 | 2 |
_3Table of contents _uhttp://www.loc.gov/catdir/toc/mh041/2004268305.html |
| 942 |
_cBB _k005.8H8231 |
||
| 999 |
_c1577 _d1577 |
||